Manual de gestió integral del litoral / [direcció: Servei de Salut Pública i Consum] Servei de Salut Pública i Consum]
ISBN:
84-9803-057-9
Publicado:
[Barcelona] :
Diputació de Barcelona, Xarxa de Municipis, Àrea de Salut Pública i Consum, cop. 2005
Descripción Física:
166 p. ; 30 cm
Colección:
Col·lecció salut pública. Platges ; 3
MARC
| LEADER | 00000nam a2200000Ia 4500 | ||
|---|---|---|---|
| 001 | C-2-377 | ||
| 008 | 160829s9999 xx 000 0 cat d | ||
| 020 | |a 84-9803-057-9 | ||
| 245 | |a Manual de gestió integral del litoral / [direcció: |b Servei de Salut Pública i Consum] | ||
| 260 | |a [Barcelona] : |b Diputació de Barcelona, Xarxa de Municipis, Àrea de Salut Pública i Consum, cop. 2005 | ||
| 300 | |a 166 p. ; |c 30 cm | ||
| 490 | |a Col·lecció salut pública. Platges ; 3 | ||
| 650 | |a Zones costaneres |x Ordenació |x Barcelona (Província) |9 21957 | ||
| 650 | |a Litoral |x Barcelona (Província) |9 21262 | ||
| 650 | |a Litoral |x Protecció |x Barcelona (Província) |9 49656 | ||
| 710 | |a Barcelona (Catalunya : Província). |b Servei de Salut Pública i Consum |9 8151 | ||
| 901 | |a Arxiu | ||
| 942 | |n 1 | ||
| 952 | |0 0 |1 0 |4 0 |7 1 |9 41828 |a Arxiu |b Arxiu |d 2016-12-01 |l 0 |p C-2-377 |r 2016-12-01 00:00:00 |w 2016-12-01 |y ARXIU | ||
| 999 | |c 43788 |d 43788 | ||